Attitudes toward professionalism among adult educators /
| Main Author: | |
|---|---|
| Other Authors: | , , |
| Format: | Thesis Book |
| Language: | English |
| Published: |
1981.
|
| Subjects: | |
| Online Access: | ProQuest, Abstract Link to OAKTrust copy Link to ProQuest copy |
MARC
| Tag | First Indicator | Second Indicator | Subfields |
|---|---|---|---|
| LEADER | 00000ctm a2200000Ia 4500 | ||
| 001 | in00000071405 | ||
| 005 | 20190325090747.0 | ||
| 008 | 820226s1981 xx bm 000 0 eng d | ||
| 035 | |a (OCoLC)ocm08199503 | ||
| 035 | |a (OCoLC)08199503 | ||
| 035 | |9 AAJ9738AM | ||
| 040 | |a TXA |b eng |c TXA |d OCLCQ |d OCLCF |d OCLCO |d OCLCQ |d UMI |d TXA | ||
| 035 | |a (OCoLC)8199503 | ||
| 043 | |a n-us--- | ||
| 049 | |a TXAM | ||
| 099 | |a 1981 |a Dissertation |a A835 | ||
| 100 | 1 | |a Aslett, Linda Sue, |d 1948- | |
| 245 | 1 | 0 | |a Attitudes toward professionalism among adult educators / |
| 264 | 1 | |c 1981. | |
| 300 | |a ix, 94 leaves ; |c 29 cm | ||
| 336 | |a text |b txt |2 rdacontent | ||
| 337 | |a unmediated |b n |2 rdamedia | ||
| 338 | |a volume |b nc |2 rdacarrier | ||
| 500 | |a Typescript (photocopy). | ||
| 502 | |b Ph. D. |c Texas A & M University |d 1981 | ||
| 500 | |a Vita. | ||
| 504 | |a Includes bibliographical references (leaves 67-69). | ||
| 500 | |a "Major subject: Adult and Extension Education." | ||
| 520 | 3 | |a The objective of this study was to provide insight into the attitudes adult educators have toward their occupation. Specifically, this study examined adult educators' beliefs on the five dimensions comprising the attitudinal portion of the professional model developed by sociologists. Two research questions were examined. The first dealt with the extent of professional attitudes of members within the Adult Education Association (AEA). The second question assessed possible relationships between the attitudes and respondent background data. The methodology used in this study was a survey of AEA members. The survey instrument consisted of Richard H. Hall's Professionalism Scale and a background data sheet. Hall's scale is used extensively by researchers to determine strengths of professional beliefs among occupational incumbents. The survey data were analyzed using the Statistical Package for the Social Sciences computer program. One-way analysis of variance and the Pearson Product Moment Correlation were used to assess possible relationships (p<.05) significance level used). Other survey information were presented in descriptive statistical terms. Pour major conclusions were drawn from this study. The first is that AEA members hold moderately strong professional attitudes toward adult education. They believe most strongly in autonomy in job performance and self-regulation for the adult educator group. The second conclusion is that AEA members, regardless of diverse backgrounds, share similar views that show support for growing professionalization of their field. Older, more experienced adult educators held stronger beliefs in some areas and participators in professional activities held some beliefs more strongly than others but basically adult educators share common beliefs associated with the concept of a profession. The third conclusion is that AEA must diversify its membership if it is to represent and be a reference group for adult educators. Based on this study sample, the majority of AEA members work in college and university settings... | |
| 650 | 0 | |a Educators |z United States |x Attitudes. | |
| 650 | 7 | |a Educators |x Attitudes. |2 fast |0 (OCoLC)fst00903705 | |
| 651 | 7 | |a United States. |2 fast |0 (OCoLC)fst01204155 | |
| 650 | 4 | |a Major adult and extension education. | |
| 655 | 7 | |a Academic theses |2 lcgft | |
| 700 | 1 | |a Campbell, Albert B., |e degree supervisor. | |
| 700 | 1 | |a Borman, Christopher, |e degree committee member. | |
| 700 | 1 | |a Felley, Robert A., |e degree committee member. | |
| 700 | 1 | |a Seaman, Don F., |e degree committee member. | |
| 710 | 2 | |a Texas A & M University, |e degree granting institution. | |
| 856 | 4 | 2 | |3 ProQuest, Abstract |u http://gateway.proquest.com/openurl?url_ver=Z39.88-2004&rft_val_fmt=info:ofi/fmt:kev:mtx:dissertation&res_dat=xri:pqm&rft_dat=xri:pqdiss:8128871 |t 0 |
| 856 | 4 | 1 | |u http://hdl.handle.net/1969.1/Dissertations-93353 |z Link to OAKTrust copy |t 0 |
| 856 | 4 | 1 | |u http://proxy.library.tamu.edu/login?url=http://proquest.umi.com/pqdweb?did=748425951&sid=1&Fmt=2&clientId=2945&RQT=309&VName=PQD |z Link to ProQuest copy |t 0 |
| 994 | |a C0 |b TXA | ||
| 999 | f | f | |s 63ac0afa-c163-3040-8c92-4337ffcf531a |i 7b7cf10a-9f3d-3793-90f3-e05cd21b6dd2 |t 0 |
| 952 | f | f | |p noncirc |a Texas A&M University |b J.J. Pickle Campus |c High Density Repository |s HDR |d Remote Storage |t 0 |e 1981 Dissertation A835 |h Other scheme |i unmediated -- volume |m A14841003145 |
| 952 | f | f | |a Texas A&M University |b College Station |c Electronic Resources |s www_evans |d Available Online |t 0 |e 1981 Dissertation A835 |h Other scheme |
| 998 | f | f | |a 1981 Dissertation A835 |t 0 |l Remote Storage |
| 998 | f | f | |a 1981 Dissertation A835 |t 0 |l Available Online |